000 01094na a2200301 4500
001 14036
003 MIRAKIL
005 20181213155032.0
008 161025b tu 000 0
020 _a9789944729031
035 _a14036
040 _aMilas
_btur
_cTR-AnCHP
041 _atur
082 _a928.94335
_bU48b 2008
090 _a928.94335 U48b 2008
111 _aUluslararası Mehmet Akif Ersoy Sempozyumu
_cBurdur
_d2008
_n1.
245 _a1. Uluslararası Mehmet Akif Ersoy Sempozyumu
_b19-21 Kasım 2008, Burdur
_ceditörler Gökay Yıldız...
260 _aAnkara
_bBaşbakanlık Tanıtma Fonu
_c2009
_fDesen Ofset
300 _a2 c.
_c30 sm.
490 _aMehmet Akif Ersoy Üniversitesi Rektörlüğü sempozyumu dizisi
_v2
504 _aKaynakça ve dizin var.
600 _aErsoy, Mehmet Akif
_xSiyasal ve sosyal görüşler
_yAraştırma ve inceleme
600 _aErsoy, Mehmet Akif
_d1873-1936
_xToplantılar
650 _aTürk edebiyatçılar
_xAraştırma ve inceleme
_yToplantılar
650 _aTürk yazarlar
700 _aYıldız, Gökay
942 _2ddc
_cBKS
999 _c5283
_d5283